Vorbereitung des dreißigjährigen Krieges / (Rekord nr 27705)
| 000 -Nagłówek | |
|---|---|
| fixed length control field | 01207nam a2200313 i 4500 |
| 001 - Nr kontrolny bibl., która utworzyła rek. | |
| control field | xx004082912 |
| 003 - Siglum bibl., której nr kontr. jest w 001 | |
| control field | NUKAT |
| 005 - Data i czas ostatniej operacji | |
| control field | 20260420202739.0 |
| 008 - Elementy pola stałej długości | |
| fixed length control field | 170803s1886 gw |001 0dger c |
| 035 ## - Systemowy numer kontrolny | |
| systemowy numer kontrolny | (OCoLC)1003039427 |
| 035 ## - Systemowy numer kontrolny | |
| systemowy numer kontrolny | (NUKAT)xx004082912 |
| 040 ## - Instytucja sporządzająca opis | |
| Instytucja, która sporządziła opis | GD U/EB |
| Instytucja, która sporządziła rekord | GD U/EBs |
| 100 1# - Hasło główne-nazwa osobowa | |
| Nazwa osobowa | Janssen, Johannes |
| Daty biograficzne | (1829-1891). |
| 9 (RLIN) | 40327 |
| 245 10 - Tytuł właściwy i oznaczenie odpow. | |
| tytuł | Vorbereitung des dreißigjährigen Krieges / |
| dod. inf. ze s. tyt./ozn. odpow. | von Johannes Janssen. |
| 250 ## - Oznaczenie wydania | |
| oznaczenie wydania | 1. bis 12. Aufl. |
| 260 ## - Adres wydawniczy | |
| miejsce wydania, dystrybucji itp. | Freiburg im Breisgau : |
| nazwa wydawcy, dystrybutora itp. | Herder'sche Verlagshandlung, |
| data wydania, dystrybucji itp. | 1886. |
| 300 ## - Opis fizyczny | |
| objętość i/lub forma materiału | XLIII, [1], 716 s. ; |
| format | 23 cm. |
| 336 ## - Content Type | |
| Term | Tekst |
| Code | txt |
| Source | rdacontent |
| 337 ## - Media Type | |
| Term | Bez urządzenia pośredniczącego |
| Code | n |
| Source | rdamedia |
| 338 ## - Carrier Type | |
| Term | Wolumin |
| Code | nc |
| Source | rdacarrier |
| 380 ## - Form of work | |
| Form of work | Książki |
| 490 1# - Tytuł serii i ks. wielotom.-nie do wysz. | |
| oznaczenie serii | Geschichte des deutschen Volkes seit dem Ausgang des Mittelalters / von Johannes Janssen ; |
| numer woluminu | Bd. 5 |
| 504 ## - Uwaga o bibliografii | |
| uwaga o bibliografii | Indeks. |
| 650 #7 - Hasło przedmiotowe-nazwa pospolita | |
| nazwa pospolita lub geogr. | Wojna trzydziestoletnia (1618-1648) |
| źródło hasła | DBN |
| 9 (RLIN) | 37759 |
| 651 #7 - Hasło przedmiotowe-nazwa geogr. | |
| nazwa geograficzna | Niemcy |
| określnik rzeczowy | historia. |
| źródło hasła | kaba |
| 9 (RLIN) | 5835 |
| 710 2# - Hasło dodatkowe - nazwa ciała zbior. | |
| nazwa ciała zbior. lub nazwa geogr. | Herdersche Verlagsbuchhandlung. |
| kod rodzaju współpracy | pbl |
| 9 (RLIN) | 36009 |
| 800 1# - Hasło dod. op. ks. wielotom.-nazwa os. | |
| nazwa osobowa | Janssen, Johannes |
| daty biograficzne | (1829-1891). |
| tytuł pracy | Geschichte des deutschen Volkes seit dem Ausgang des Mittelalters |
| oznaczenie tomu | Bd. 5 |
| 9 (RLIN) | 40328 |
| 942 ## - ADDED ENTRY ELEMENTS (KOHA) | |
| Source of classification or shelving scheme | Dewey Decimal Classification |
| Koha item type | pozycje dostępne na miejscu |
| Status wycofania | Status zagubienia | Klasyfikacja | Status uszkodzenia | Blokada wypożyczeń | Kolekcja | Lokalizacja macierzysta | Lokalizacja bieżąca | Data nabycia | Numer akcesji | Źródło akcesji | Nr inwentarzowy | il. wypożyczeń | Sygnatura | Kod kreskowy | Date last seen | Price effective from | Typ egz. |
|---|---|---|---|---|---|---|---|---|---|---|---|---|---|---|---|---|---|
| Dewey Decimal Classification | nieuszkodzona | Pracownia Badań Księgozbiorów Historycznych | Biblioteka Instytutu Północnego w Olsztynie | Pracownia Badań Księgozbiorów Historycznych | 20/04/2026 | W-52/1965 | wymiana | 16310/5 | 16310/5 | IPWK16667 | 20/04/2026 | 20/04/2026 | pozycje dostępne na miejscu |